000 00904nas a2200313 4500
001 BR2014007228
003 BR-BrBNA
005 20231205124729.0
007 ta
008 230509b bl.|||p| |||| 00| 00por d
040 _aBR-BrBNA
_bpor
_cBiblioteca Nacional de Agricultura
041 _a(Pt)
072 _aT10
100 1 _aRibas, R.L.
100 1 _aSchlosser, J.F.
100 1 _aFrantz, U.G.
100 1 _aFarias, M.S. de
100 1 _aRodrigues, F.A.
245 1 _aExposição humana à vibrações de corpo inteiro em um trator agrícola com pneus radiais
650 _aTRATOR
650 _aSEMEADEIRA
650 _aVIBRAÇÃO
650 _aFATORES ERGONÔMICOS
650 _aHOMEM
650 _aNORMA
773 0 _tCiência Rural (Brazil)
_xISSN 0103-8478
_g(Sep 2014), v. 44(9) p. 1589-1595
_wBR2014007228
909 _a202311
_bLúcia
_c55
_dLúcia Elande
942 _2AGRIS
_n0
_cANA
999 _c240606
_d240606